=LDR 00000nam 2200000 4500 =001 INLIS000000000033231 =005 20130612135210 =008 ***********************************ind** =035 ##$$0010-061300000033231 =041 ##$$a ind =082 ##$$a 370.114 =090 ##$$a 370.114, Dar,d =100 ##$$a Darmadi, Hamid, Prof.,Dr =245 ##$$a Dasar Konsep Pendidikan Moral, Landasan Konsep Dasar dan Implementasi, Prof.Dr. Hamid Darmadi =260 ##$$a 2009 $b Bandung =300 ##$$a vi,158 hlm., 24 cm =650 ##$$a Pendidikan Moral =850 ##$$a NBPNMAT =990 ##$$a 21194930/BPAP-NTB/2014 =990 ##$$a 21400613/BPAP-NTB/20142014 =990 ##$$a 21400613/BPAP-NTB/20142014 =990 ##$$a 0001/BPAP-NTB/20142015